Reglamento provisional aprobado por la Excma. Comisión Gestora en sesión de fecha 22 de octubre de 1943 / Residencia de Estudiantes de la Universidad Industrial
Descripción Física:
15 p. ; 15'5 cm
Otros Autores:
Residència Universitària Ramon Llull (Barcelona)
MARC
| LEADER | 00000nam a2200000Ia 4500 | ||
|---|---|---|---|
| 001 | 11356 | ||
| 008 | 160829s9999 xx 000 0 cat d | ||
| 080 | |a FU-3-14 | ||
| 100 | |a Residencia de Estudiantes de la Universidad Industrial (Barcelona) |9 26492 | ||
| 245 | |a Reglamento provisional aprobado por la Excma. Comisión Gestora en sesión de fecha 22 de octubre de 1943 / Residencia de Estudiantes de la Universidad Industrial | ||
| 260 | |a Barcelona : |b Diputación Prov. de Barcelona, [1943] | ||
| 300 | |a 15 p. ; |c 15'5 cm | ||
| 650 | |a Residència Universitària Ramon Llull (Barcelona) |x Reglaments i procediment |9 26493 | ||
| 700 | |a Residència Universitària Ramon Llull (Barcelona) | ||
| 901 | |a Arxiu | ||
| 942 | |n 1 | ||
| 952 | |0 0 |1 0 |4 0 |6 FU314 |7 1 |9 44000 |a Arxiu |b Arxiu |d 2016-12-01 |l 0 |o FU-3-14 |p 11356 |r 2016-12-01 00:00:00 |w 2016-12-01 |y ARXIU | ||
| 999 | |c 46580 |d 46580 | ||